Normal view
MARC view
- ضرائب الدخل - قوانين وتشريعات - محاسبة - الأردن
Entry Topical Term
001 - CONTROL NUMBER
- control field: 45844
003 - CONTROL NUMBER IDENTIFIER
- control field: JO-AjAnu
005 - DATE AND TIME OF LATEST TRANSACTION
- control field: 20230606081600.0
008 - FIXED-LENGTH DATA ELEMENTS
- fixed length control field: 230606|| aca||aabn | a|a d
040 ## - CATALOGING SOURCE
- Original cataloging agency: JO-AjAnu
- Transcribing agency: JO-AjAnu
150 ## - HEADING--TOPICAL TERM
- Topical term or geographic name entry element: ضرائب الدخل - قوانين وتشريعات - محاسبة - الأردن
670 ## - SOURCE DATA FOUND
- Source citation: Work cat.: (JO-AjAnu)23469: تأليف: ابو نصار، محمد /م. مشارك: محفوظ المشاعلة، فراس عطالله الشهوان, author 45843, الضرائب ومحاسبتها بين النظرية والتطبيق: قانون ضريبة الدخل رقم 57 وتعديلاته حتى سنة 1996